000 00679nam a22002057a 4500
999 _c7178
_d7178
003 AR-CdUCM
008 190320b ||||| |||| 00| 0 spa d
040 _aMUNICIPALIDAD PROVINCIAL DEL CUSCO
_cBIBLIOTECA MUNICIPAL DEL CUSCO
082 _a869.56 /
_bIZ99T
100 _aIzquierdo Ríos, Cecilia
_920238
245 _aTextura del sueño /
260 _aLima :
_bANEA Ediciones,
_c1987.
300 _a58 páginas ;
_c21.5 cm.
500 _aDedicatoria de la autora a Gustavo Pérez Ocampo.
650 _aPoesía peruana - Siglo XX
_914083
650 _aPoetisas peruanas
_914359
650 _aCecilia Izquierdo Rios - Poemas
_920239
942 _2ddc
_cLIBROS
945 _alccs